[Event "WCO2014"]
[Site "Tromso"]
[Date "2014.08.05"]
[Round "4.37"]
[WhiteID "7601450"]
[White "Al-Tarbosh Ward"]
[BlackID "6201059"]
[Black "Thanarotrung Ratchaphon"]
[Result "1-0"]
[LiveChessVersion "1.4.3"]
[BlackElo "1951"]
[WhiteElo "2272"]

1. e4 {[%clk 1:30:59]} e5 {[%clk 1:30:53]} 2. Nf3 {[%clk 1:31:28]} Nc6
{[%clk 1:31:16]} 3. Bb5 {[%clk 1:31:57]} a6 {[%clk 1:31:39]} 4. Ba4
{[%clk 1:32:19]} d6 {[%clk 1:32:03]} 5. O-O {[%clk 1:32:42]} Bd7 {[%clk 1:32:20]}
6. c3 {[%clk 1:32:56]} Nge7 {[%clk 1:31:43]} 7. d4 {[%clk 1:33:17]} Ng6
{[%clk 1:32:09]} 8. Re1 {[%clk 1:32:10]} Be7 {[%clk 1:30:54]} 9. Nbd2
{[%clk 1:32:35]} h6 {[%clk 1:28:48]} 10. Nf1 {[%clk 1:32:47]} Bg5
{[%clk 1:24:18]} 11. Ng3 {[%clk 1:32:16]} Bxc1 {[%clk 1:21:26]} 12. Rxc1
{[%clk 1:32:45]} O-O {[%clk 1:21:48]} 13. Nf5 {[%clk 1:32:57]} b5
{[%clk 1:03:47]} 14. Bb3 {[%clk 1:32:54]} Nce7 {[%clk 0:56:46]} 15. Qc2
{[%clk 1:31:24]} Rc8 {[%clk 0:48:54]} 16. Rcd1 {[%clk 1:31:19]} exd4 17. Rxd4
{[%clk 1:28:08]} Nc6 {[%clk 0:41:25]} 18. Rd2 {[%clk 1:27:35]} Re8
{[%clk 0:32:34]} 19. g3 {[%clk 1:13:46]} Nce5 {[%clk 0:15:08]} 20. Nxe5
{[%clk 1:12:41]} Nxe5 {[%clk 0:14:41]} 21. Kg2 {[%clk 1:13:10]} Qf6
{[%clk 0:13:25]} 22. f4 {[%clk 1:12:30]} Bxf5 {[%clk 0:10:47]} 23. exf5
{[%clk 1:10:35]} Ng4 {[%clk 0:10:34]} 24. Rde2 {[%clk 1:10:55]} Rxe2+
{[%clk 0:09:01]} 25. Rxe2 {[%clk 1:10:16]} h5 {[%clk 0:08:04]} 26. Qe4
{[%clk 1:09:53]} Nh6 {[%clk 0:06:00]} 27. Bc2 {[%clk 1:10:19]} c6
{[%clk 0:03:36]} 28. Qe7 {[%clk 1:09:51]} Qxe7 {[%clk 0:02:12]} 29. Rxe7
{[%clk 1:10:12]} Kf8 {[%clk 0:01:46]} 30. Rd7 {[%clk 1:07:55]} Re8
{[%clk 0:02:16]} 31. Bd1 {[%clk 1:08:04]} Nxf5 {[%clk 0:02:33]} 32. Bxh5
{[%clk 1:08:07]} Re7 {[%clk 0:02:20]} 33. Rd8+ {[%clk 1:08:28]} Re8
{[%clk 0:02:44]} 34. Rxe8+ {[%clk 1:08:11]} Kxe8 {[%clk 0:03:09]} 35. Kf2
{[%clk 1:07:14]} g6 {[%clk 0:02:00]} 36. Bg4 {[%clk 1:07:34]} Ne7
{[%clk 0:02:00]} 37. Bf3 {[%clk 1:07:46]} Kd7 {[%clk 0:02:14]} 38. g4
{[%clk 1:08:14]} Ke6 {[%clk 0:01:41]} 39. h4 {[%clk 1:08:14]} Kf6
{[%clk 0:01:09]} 40. Ke3 {[%clk 1:07:34]} Kg7 {[%clk 0:01:12]} 41. b4
{[%clk 1:06:45]} f6 {[%clk 0:00:59]} 42. Kd4 {[%clk 1:06:53]} f5 {[%clk 0:26:22]}
43. g5 {[%clk 1:38:12]} Kf7 {[%clk 0:26:41]} 44. c4 {[%clk 1:36:54]} Ke6
{[%clk 0:25:39]} 45. c5 {[%clk 1:30:45]} Kd7 {[%clk 0:16:34]} 46. cxd6
{[%clk 1:26:03]} Kxd6 {[%clk 0:16:57]} 47. a3 {[%clk 1:26:25]} Nc8
{[%clk 0:14:41]} 48. h5 {[%clk 1:26:41]} gxh5 {[%clk 0:15:06]} 49. Bxh5
{[%clk 1:27:10]} Ne7 {[%clk 0:13:02]} 50. Bf7 {[%clk 1:27:30]} 1-0

[Event "WCO2014"]
[Site "Tromso"]
[Date "2014.08.05"]
[Round "4.13"]
[WhiteID "12300110"]
[White "Hamal Manish"]
[BlackID "11900059"]
[Black "Sanon Mondoly"]
[Result "1-0"]
[LiveChessVersion "1.4.3"]
[BlackElo "2012"]
[WhiteElo "2068"]

1. d4 {[%clk 1:30:01]} d5 {[%clk 1:30:15]} 2. Nf3 {[%clk 1:30:25]} g6
{[%clk 1:30:31]} 3. g3 {[%clk 1:30:40]} Bg7 {[%clk 1:30:58]} 4. Bg2
{[%clk 1:31:01]} Nf6 {[%clk 1:31:16]} 5. c4 {[%clk 1:31:25]} c6 {[%clk 1:31:07]}
6. O-O {[%clk 1:31:08]} e6 {[%clk 1:30:51]} 7. Nc3 {[%clk 1:30:22]} Nbd7
{[%clk 1:30:38]} 8. Qb3 {[%clk 1:29:48]} O-O {[%clk 1:30:47]} 9. Rd1
{[%clk 1:29:37]} dxc4 {[%clk 1:27:38]} 10. Qxc4 {[%clk 1:28:48]} Nb6
{[%clk 1:28:05]} 11. Qb3 {[%clk 1:27:57]} Qe7 {[%clk 1:27:12]} 12. e4
{[%clk 1:27:14]} Bd7 {[%clk 1:26:35]} 13. a4 {[%clk 1:24:47]} Bc8
{[%clk 1:25:10]} 14. Bg5 {[%clk 1:18:58]} h6 {[%clk 1:25:20]} 15. Bf4
{[%clk 1:19:22]} Kh7 {[%clk 1:23:47]} 16. Rac1 {[%clk 1:15:26]} Nbd7
{[%clk 1:21:58]} 17. Qc2 {[%clk 1:13:30]} b6 {[%clk 1:21:01]} 18. Nd2
{[%clk 1:12:12]} Bb7 {[%clk 1:09:16]} 19. Nc4 {[%clk 1:12:17]} Ne8
{[%clk 1:09:09]} 20. e5 {[%clk 1:12:23]} f5 {[%clk 1:07:21]} 21. exf6
{[%clk 1:11:03]} Ndxf6 {[%clk 1:07:37]} 22. Ne5 {[%clk 1:11:09]} Kg8
{[%clk 1:03:27]} 23. Nxg6 {[%clk 1:02:58]} Qf7 {[%clk 1:01:49]} 24. Nxf8
{[%clk 1:02:48]} Kxf8 {[%clk 1:01:46]} 25. Be5 {[%clk 1:02:01]} Kg8
{[%clk 1:01:47]} 26. Qe2 {[%clk 1:01:21]} c5 {[%clk 1:01:00]} 27. Bxb7
{[%clk 1:00:36]} Qxb7 {[%clk 1:01:25]} 28. Bxf6 {[%clk 1:00:53]} Nxf6
{[%clk 1:01:45]} 29. Qxe6+ {[%clk 1:01:16]} Kh8 {[%clk 1:01:37]} 30. d5
{[%clk 1:01:17]} Rf8 {[%clk 1:00:31]} 31. Nb5 {[%clk 0:58:24]} Nh7
{[%clk 0:56:33]} 32. Nd6 {[%clk 0:53:50]} Qc7 {[%clk 0:53:16]} 33. Ne8
{[%clk 0:51:36]} Qb7 {[%clk 0:52:50]} 34. Nxg7 {[%clk 0:51:20]} Qxg7
{[%clk 0:53:17]} 35. f4 {[%clk 0:50:17]} Nf6 {[%clk 0:53:26]} 36. d6
{[%clk 0:50:15]} Re8 {[%clk 0:51:45]} 37. Qxe8+ {[%clk 0:50:32]} Nxe8
{[%clk 0:51:31]} 38. d7 {[%clk 0:50:52]} Qe7 {[%clk 0:51:20]} 39. d8=Q
{[%clk 0:50:37]} Qe3+ {[%clk 0:51:15]} 40. Kg2 {[%clk 0:49:46]} Qe2+
{[%clk 0:50:28]} 41. Kh3 {[%clk 0:50:06]} Qe6+ {[%clk 0:49:21]} 42. Kh4
{[%clk 0:50:17]} h5 {[%clk 0:49:30]} 43. Qg5 {[%clk 0:50:35]} Ng7
{[%clk 0:49:24]} 44. Rd8+ Kh7 45. Rf8 {[%clk 0:49:55]} a6 {[%clk 0:47:16]} 46. h3
{[%clk 0:48:45]} c4 {[%clk 0:37:49]} 47. Rf6 {[%clk 0:46:26]} Qd7
{[%clk 0:34:59]} 48. Rh6+ {[%clk 0:46:17]} Kg8 49. Rg6 1-0

[Event "WCO2014"]
[Site "Tromso"]
[Date "2014.08.05"]
[Round "4.14"]
[WhiteID "11900113"]
[White "Luxama Jacques Muller"]
[BlackID "12300519"]
[Black "Shrestha Sujendra Prasad"]
[Result "0-1"]
[LiveChessVersion "1.4.3"]
[BlackElo "1930"]
[WhiteElo "1893"]

1. e4 {[%clk 1:30:55]} e6 {[%clk 1:30:24]} 2. d4 {[%clk 1:31:14]} d5
{[%clk 1:30:41]} 3. Nc3 {[%clk 1:30:53]} Bb4 {[%clk 1:30:39]} 4. e5
{[%clk 1:30:35]} c5 {[%clk 1:30:44]} 5. a3 {[%clk 1:30:53]} cxd4 {[%clk 1:30:16]}
6. Qxd4 {[%clk 1:30:52]} Nc6 {[%clk 1:29:45]} 7. Bb5 {[%clk 1:30:42]} Ba5
{[%clk 1:29:53]} 8. b4 {[%clk 1:28:31]} Bb6 {[%clk 1:27:25]} 9. Qg4
{[%clk 1:28:31]} g6 {[%clk 1:27:09]} 10. Nf3 {[%clk 1:27:12]} Bd7
{[%clk 1:27:23]} 11. Bd2 {[%clk 1:23:00]} Qc7 {[%clk 1:27:33]} 12. Qf4
{[%clk 1:22:46]} h6 {[%clk 1:26:07]} 13. O-O {[%clk 1:22:22]} g5 {[%clk 1:26:15]}
14. Qg3 {[%clk 1:22:21]} Nge7 {[%clk 1:26:29]} 15. Bd3 {[%clk 1:21:56]} a6
{[%clk 1:26:24]} 16. b5 {[%clk 1:21:34]} Nd4 {[%clk 1:26:45]} 17. bxa6
{[%clk 1:18:10]} bxa6 {[%clk 1:27:02]} 18. Rab1 {[%clk 1:18:16]} Nxf3+
{[%clk 1:26:53]} 19. Qxf3 {[%clk 1:18:09]} Bd4 {[%clk 1:27:06]} 20. Ne2
{[%clk 1:11:46]} Bxe5 {[%clk 1:27:10]} 21. Qh5 {[%clk 1:11:57]} Bf6
{[%clk 1:23:38]} 22. f4 {[%clk 1:12:10]} Nf5 {[%clk 1:23:42]} 23. c3
{[%clk 1:05:20]} Rc8 {[%clk 1:19:16]} 24. Kh1 {[%clk 1:01:49]} Ng7
{[%clk 1:19:05]} 25. Qf3 {[%clk 1:02:01]} g4 {[%clk 1:19:09]} 26. Qxg4
{[%clk 1:00:22]} e5 {[%clk 1:19:12]} 27. f5 {[%clk 0:59:54]} a5 {[%clk 1:18:30]}
28. Bb5 {[%clk 0:58:24]} Kf8 {[%clk 1:17:41]} 29. a4 {[%clk 0:55:23]} Rd8
{[%clk 1:15:41]} 30. Bc1 {[%clk 0:52:28]} h5 {[%clk 1:14:29]} 31. Ba3+
{[%clk 0:52:41]} Kg8 {[%clk 1:14:49]} 32. Qg3 {[%clk 0:52:28]} h4
{[%clk 1:14:37]} 33. Qg4 {[%clk 0:52:32]} Rh5 {[%clk 1:14:31]} 34. Bxd7
{[%clk 0:43:19]} Qxd7 {[%clk 1:14:37]} 35. Rb5 {[%clk 0:43:40]} Rxf5
{[%clk 1:14:44]} 36. Rxf5 {[%clk 0:43:39]} Qxf5 {[%clk 1:15:02]} 37. Qxf5
{[%clk 0:43:47]} Nxf5 {[%clk 1:15:29]} 38. Rxa5 {[%clk 0:44:08]} Ne3
{[%clk 1:15:12]} 39. Ra6 {[%clk 0:42:51]} Kg7 {[%clk 1:15:07]} 40. Bc5
{[%clk 0:41:31]} Nc4 {[%clk 1:12:15]} 41. Kg1 {[%clk 0:40:41]} Rc8
{[%clk 1:12:15]} 42. Bf2 {[%clk 0:40:20]} Rb8 {[%clk 1:12:17]} 43. Ba7
{[%clk 0:37:37]} Rb2 {[%clk 1:11:57]} 44. Kf2 {[%clk 0:35:16]} Ra2
{[%clk 1:11:42]} 45. Ke1 {[%clk 0:29:14]} Bg5 {[%clk 1:11:46]} 46. Bc5
{[%clk 0:27:28]} Nb2 {[%clk 1:11:09]} 47. Kf1 {[%clk 0:22:27]} Ra1+
{[%clk 1:07:52]} 48. Kf2 {[%clk 0:22:33]} Nd3+ {[%clk 1:08:14]} 49. Kf3
{[%clk 0:22:36]} Nxc5 {[%clk 1:08:16]} 50. Ra5 {[%clk 0:22:56]} f5
{[%clk 1:07:28]} 51. g4 {[%clk 0:22:23]} Ne4 {[%clk 1:07:10]} 52. Kg2
{[%clk 0:21:43]} Ra2 {[%clk 1:06:44]} 53. Kf1 {[%clk 0:20:48]} fxg4
{[%clk 1:06:56]} 54. Rxd5 {[%clk 0:20:56]} Ra1+ {[%clk 1:07:05]} 0-1

[Event "WCO2014"]
[Site "Tromso"]
[Date "2014.08.05"]
[Round "4.16"]
[WhiteID "11900032"]
[White "Bazil Joslin"]
[BlackID "12300055"]
[Black "Shrestha Keshav"]
[Result "0-1"]
[LiveChessVersion "1.4.3"]
[BlackElo "2137"]
[WhiteElo "1911"]

1. d4 {[%clk 1:30:55]} d5 {[%clk 1:30:35]} 2. c4 {[%clk 1:31:11]} e6
{[%clk 1:30:59]} 3. Nc3 {[%clk 1:31:00]} Nf6 {[%clk 1:31:12]} 4. Nf3
{[%clk 1:28:58]} Be7 {[%clk 1:30:43]} 5. Bg5 {[%clk 1:28:03]} h6 {[%clk 1:29:41]}
6. Bxf6 {[%clk 1:27:45]} Bxf6 {[%clk 1:29:50]} 7. e3 {[%clk 1:26:48]} O-O
{[%clk 1:29:52]} 8. Bd3 {[%clk 1:23:45]} b6 {[%clk 1:28:13]} 9. Rc1
{[%clk 1:21:20]} Bb7 {[%clk 1:27:41]} 10. cxd5 {[%clk 1:21:28]} exd5
{[%clk 1:27:50]} 11. O-O {[%clk 1:21:31]} Re8 {[%clk 1:25:16]} 12. b4
{[%clk 1:16:57]} c6 {[%clk 1:22:35]} 13. Qb3 {[%clk 1:16:01]} Qd6
{[%clk 1:16:08]} 14. Rfd1 {[%clk 1:12:25]} Nd7 {[%clk 1:14:05]} 15. Na4
{[%clk 1:05:44]} g6 {[%clk 1:05:55]} 16. Rc2 {[%clk 1:01:33]} a6 {[%clk 1:01:16]}
17. Rdc1 {[%clk 1:00:01]} Kg7 {[%clk 0:58:46]} 18. Nc3 {[%clk 0:58:54]} a5
{[%clk 0:55:13]} 19. a3 {[%clk 0:58:24]} axb4 {[%clk 0:54:35]} 20. axb4
{[%clk 0:58:52]} Be7 {[%clk 0:50:08]} 21. Rb1 {[%clk 0:58:07]} f5
{[%clk 0:48:45]} 22. Ra2 {[%clk 0:56:49]} Rxa2 {[%clk 0:48:26]} 23. Nxa2
{[%clk 0:57:17]} Ra8 {[%clk 0:46:33]} 24. Nc3 {[%clk 0:57:17]} Bf6
{[%clk 0:42:43]} 25. h3 {[%clk 0:54:43]} b5 {[%clk 0:38:23]} 26. Rb2
{[%clk 0:48:08]} Nb6 {[%clk 0:32:08]} 27. g3 {[%clk 0:41:45]} Nc4
{[%clk 0:28:58]} 28. Ra2 {[%clk 0:42:08]} Rxa2 {[%clk 0:27:50]} 29. Nxa2
{[%clk 0:42:34]} Bc8 {[%clk 0:23:36]} 30. Qc2 {[%clk 0:39:33]} Qc7
{[%clk 0:20:29]} 31. Kg2 {[%clk 0:36:01]} Qa7 {[%clk 0:19:21]} 32. Nd2
{[%clk 0:33:13]} Be7 {[%clk 0:15:36]} 33. Nb3 {[%clk 0:32:30]} Bd6
{[%clk 0:14:51]} 34. Nc5 {[%clk 0:32:05]} Qf7 {[%clk 0:14:15]} 35. Nc3
{[%clk 0:25:57]} g5 {[%clk 0:12:03]} 36. Ne2 {[%clk 0:10:11]} f4 {[%clk 0:10:53]}
37. exf4 {[%clk 0:07:20]} gxf4 {[%clk 0:10:50]} 38. gxf4 {[%clk 0:05:00]} Bxf4
{[%clk 0:09:05]} 39. Bxc4 {[%clk 0:03:02]} bxc4 {[%clk 0:08:05]} 40. Nxf4
{[%clk 0:03:24]} Qxf4 {[%clk 0:07:54]} 41. Qc3 {[%clk 0:03:52]} Kf6
{[%clk 0:04:05]} 42. Qg3 {[%clk 0:01:57]} Qg5 {[%clk 0:03:15]} 43. Kf3
{[%clk 0:00:39]} Qxg3+ {[%clk 0:02:20]} 44. Kxg3 {[%clk 0:01:00]} Kf5
{[%clk 0:02:15]} 45. f3 {[%clk 0:01:14]} c3 {[%clk 0:01:31]} 46. Nd3
{[%clk 0:26:57]} Ba6 {[%clk 0:29:16]} 47. Nc1 {[%clk 0:27:18]} Bc4
{[%clk 0:24:55]} 48. h4 {[%clk 0:26:45]} h5 {[%clk 0:19:26]} 49. Kg2
{[%clk 0:26:16]} Kf4 {[%clk 0:19:07]} 50. Kf2 {[%clk 0:25:56]} c2
{[%clk 0:18:58]} 51. Ke1 {[%clk 0:25:38]} Ke3 {[%clk 0:18:25]} 52. f4
{[%clk 0:25:33]} Kxf4 {[%clk 0:17:24]} 53. Kd2 {[%clk 0:25:53]} Kg4
{[%clk 0:17:28]} 54. Ke3 {[%clk 0:25:14]} Kg3 {[%clk 0:17:31]} 0-1

[Event "WCO2014"]
[Site "Tromso"]
[Date "2014.08.05"]
[Round "4.9"]
[WhiteID "15200019"]
[White "Mueller Leonhard"]
[BlackID "8100977"]
[Black "Ali Sebbar"]
[Result "0-1"]
[LiveChessVersion "1.4.3"]
[BlackElo "2387"]
[WhiteElo "2183"]

1. d4 {[%clk 1:30:58]} Nf6 {[%clk 1:30:55]} 2. c4 {[%clk 1:31:24]} g6
{[%clk 1:31:22]} 3. Nc3 {[%clk 1:31:50]} Bg7 {[%clk 1:31:47]} 4. e4
{[%clk 1:32:16]} d6 {[%clk 1:32:14]} 5. Nf3 {[%clk 1:32:42]} O-O {[%clk 1:32:39]}
6. Be2 {[%clk 1:33:10]} e5 {[%clk 1:33:03]} 7. O-O {[%clk 1:33:31]} Nc6
{[%clk 1:33:30]} 8. d5 {[%clk 1:33:55]} Ne7 {[%clk 1:33:56]} 9. Nd2
{[%clk 1:34:21]} a5 {[%clk 1:34:09]} 10. Rb1 {[%clk 1:34:40]} Bd7
{[%clk 1:34:25]} 11. b3 {[%clk 1:34:41]} c6 {[%clk 1:34:37]} 12. a3
{[%clk 1:34:25]} b5 {[%clk 1:34:49]} 13. dxc6 {[%clk 1:29:04]} b4
{[%clk 1:35:11]} 14. axb4 {[%clk 1:29:27]} axb4 {[%clk 1:35:36]} 15. c7
{[%clk 1:21:54]} Qxc7 {[%clk 1:34:31]} 16. Nd5 {[%clk 1:22:18]} Nexd5
{[%clk 1:27:01]} 17. cxd5 {[%clk 1:22:37]} Ra2 {[%clk 1:21:52]} 18. f3
{[%clk 1:12:33]} Nh5 {[%clk 1:21:40]} 19. Nc4 {[%clk 1:07:59]} Nf4
{[%clk 1:21:19]} 20. Re1 {[%clk 1:06:59]} Rfa8 {[%clk 1:11:44]} 21. Bd2
{[%clk 1:05:14]} Bh6 {[%clk 1:05:16]} 22. Bf1 {[%clk 0:58:13]} Bb5
{[%clk 0:59:49]} 23. Be3 {[%clk 0:54:35]} Bxc4 {[%clk 0:46:36]} 24. bxc4
{[%clk 0:54:11]} R8a3 {[%clk 0:46:59]} 25. Rb3 {[%clk 0:40:08]} Nh3+
{[%clk 0:39:38]} 26. gxh3 {[%clk 0:39:47]} Bxe3+ {[%clk 0:40:06]} 27. Rbxe3
{[%clk 0:30:32]} Qc5 {[%clk 0:40:18]} 28. Bd3 {[%clk 0:30:27]} Ra1
{[%clk 0:40:40]} 29. Kf2 {[%clk 0:21:27]} Rxd1 {[%clk 0:39:48]} 30. Rxd1
{[%clk 0:21:48]} Qd4 {[%clk 0:39:59]} 31. Ke2 {[%clk 0:20:46]} Ra2+
{[%clk 0:40:05]} 32. Rd2 {[%clk 0:20:54]} b3 {[%clk 0:39:28]} 0-1

[Event "WCO2014"]
[Site "Tromso"]
[Date "2014.08.05"]
[Round "4.11"]
[WhiteID "15200515"]
[White "Handjaba Mclean"]
[BlackID "9000283"]
[Black "Onkoud Abdelaziz"]
[Result "0-1"]
[LiveChessVersion "1.4.3"]
[BlackElo "2383"]
[WhiteElo "2139"]

1. e4 {[%clk 1:30:54]} d5 {[%clk 1:30:56]} 2. exd5 {[%clk 1:31:09]} Qxd5
{[%clk 1:31:23]} 3. Nc3 {[%clk 1:31:19]} Qd6 {[%clk 1:31:52]} 4. Nf3
{[%clk 1:31:23]} Nf6 {[%clk 1:32:10]} 5. d4 {[%clk 1:31:11]} a6 {[%clk 1:32:36]}
6. h3 {[%clk 1:30:35]} e6 {[%clk 1:32:41]} 7. Bd3 {[%clk 1:29:10]} Nbd7
{[%clk 1:32:08]} 8. O-O {[%clk 1:25:06]} c5 {[%clk 1:32:05]} 9. Be3
{[%clk 1:17:04]} Qc7 {[%clk 1:31:32]} 10. Re1 {[%clk 1:13:41]} cxd4
{[%clk 1:22:25]} 11. Nxd4 {[%clk 1:04:06]} Bb4 {[%clk 1:20:06]} 12. Qf3
{[%clk 0:44:48]} Bxc3 {[%clk 0:59:58]} 13. bxc3 {[%clk 0:42:17]} O-O
{[%clk 0:58:18]} 14. c4 {[%clk 0:37:48]} Re8 {[%clk 0:50:05]} 15. Bf4
{[%clk 0:21:11]} e5 {[%clk 0:48:18]} 16. Bh2 {[%clk 0:07:08]} Qc5
{[%clk 0:41:29]} 17. Nf5 {[%clk 0:06:43]} g6 {[%clk 0:28:56]} 18. Ng3
{[%clk 0:04:58]} Kg7 {[%clk 0:28:15]} 19. Rab1 {[%clk 0:04:29]} Ra7
{[%clk 0:27:17]} 20. h4 {[%clk 0:04:03]} b6 {[%clk 0:23:48]} 21. h5
{[%clk 0:03:11]} Bb7 {[%clk 0:22:21]} 22. h6+ {[%clk 0:01:20]} Kxh6
{[%clk 0:21:09]} 23. Nf5+ {[%clk 0:01:43]} gxf5 {[%clk 0:20:55]} 24. Qxf5
{[%clk 0:01:36]} Rg8 {[%clk 0:19:05]} 25. Bg3 {[%clk 0:00:43]} Rxg3
{[%clk 0:18:25]} 26. Re3 {[%clk 0:00:34]} 0-1

[Event "WCO2014"]
[Site "Tromso"]
[Date "2014.08.05"]
[Round "4.12"]
[WhiteID "9000399"]
[White "Choukri Adel"]
[BlackID "15200035"]
[Black "Oberholzer Rex"]
[Result "1-0"]
[LiveChessVersion "1.4.3"]
[BlackElo "2099"]
[WhiteElo "2177"]

1. d4 {[%clk 1:30:51]} e6 {[%clk 1:30:49]} 2. c4 {[%clk 1:31:08]} b6
{[%clk 1:31:12]} 3. Nc3 {[%clk 1:31:23]} Bb7 {[%clk 1:31:26]} 4. Nf3
{[%clk 1:30:16]} Bb4 {[%clk 1:31:30]} 5. e3 {[%clk 1:26:25]} Bxc3+
{[%clk 1:30:38]} 6. bxc3 {[%clk 1:26:50]} Nf6 {[%clk 1:30:59]} 7. Ba3
{[%clk 1:26:09]} d6 {[%clk 1:31:02]} 8. Be2 {[%clk 1:26:03]} O-O {[%clk 1:27:53]}
9. O-O {[%clk 1:26:27]} c5 {[%clk 1:25:56]} 10. Nd2 {[%clk 1:23:34]} Nbd7
{[%clk 1:25:42]} 11. f3 {[%clk 1:19:48]} Ne8 {[%clk 1:11:02]} 12. Qe1
{[%clk 1:18:11]} f5 {[%clk 1:08:28]} 13. Qg3 {[%clk 1:16:06]} Ndf6
{[%clk 1:08:04]} 14. Rae1 {[%clk 1:10:41]} Rf7 {[%clk 0:59:47]} 15. Qh3
{[%clk 1:06:56]} Qd7 {[%clk 0:53:48]} 16. Bd1 {[%clk 1:06:46]} Rd8
{[%clk 0:50:26]} 17. Bc2 {[%clk 1:03:44]} g6 {[%clk 0:41:01]} 18. Qh4
{[%clk 0:48:26]} e5 {[%clk 0:38:39]} 19. Bb2 {[%clk 0:45:25]} Ng7
{[%clk 0:35:29]} 20. Rf2 {[%clk 0:25:16]} Ngh5 {[%clk 0:30:20]} 21. a4
{[%clk 0:20:59]} Qc7 {[%clk 0:23:18]} 22. d5 {[%clk 0:19:00]} Bc8
{[%clk 0:22:48]} 23. f4 {[%clk 0:13:54]} e4 {[%clk 0:20:35]} 24. h3
{[%clk 0:11:16]} Rdf8 {[%clk 0:19:31]} 25. Kh1 {[%clk 0:08:31]} Qe7
{[%clk 0:18:31]} 26. Qg5 {[%clk 0:07:42]} Kh8 {[%clk 0:18:08]} 27. g3
{[%clk 0:05:29]} Rg8 {[%clk 0:18:10]} 28. Rh2 {[%clk 0:04:45]} Qf8
{[%clk 0:18:24]} 29. Qh4 {[%clk 0:02:53]} Qe7 {[%clk 0:17:31]} 30. Rg1
{[%clk 0:02:04]} Qd7 {[%clk 0:14:18]} 31. Bd1 {[%clk 0:01:07]} Ng7
{[%clk 0:07:55]} 32. g4 {[%clk 0:01:16]} fxg4 {[%clk 0:07:39]} 33. hxg4
{[%clk 0:01:57]} Qe8 {[%clk 0:07:29]} 34. Rg3 {[%clk 0:01:18]} Bd7
{[%clk 0:04:37]} 35. Rgh3 {[%clk 0:01:21]} h5 {[%clk 0:04:41]} 36. Qg5
{[%clk 0:01:05]} Qf8 {[%clk 0:02:15]} 37. Qxg6 {[%clk 0:00:54]} Nf5
{[%clk 0:01:58]} 38. Rxh5+ {[%clk 0:00:50]} Nxh5 {[%clk 0:02:17]} 39. Rxh5+
{[%clk 0:00:39]} Nh6 {[%clk 0:01:56]} 40. Rxh6+ {[%clk 0:00:43]} Qxh6+
{[%clk 0:02:18]} 41. Qxh6+ {[%clk 0:01:07]} Rh7 {[%clk 0:02:40]} 42. Qxh7+
{[%clk 0:01:19]} 1-0

[Event "WCO2014"]
[Site "Tromso"]
[Date "2014.08.05"]
[Round "4.32"]
[WhiteID "7300018"]
[White "Juarez Flores Carlos A."]
[BlackID "5700590"]
[Black "Lim Yee-Weng"]
[Result "1-0"]
[LiveChessVersion "1.4.3"]
[BlackElo "2311"]
[WhiteElo "2425"]

1. e4 {[%clk 1:30:57]} c5 {[%clk 1:30:57]} 2. Nf3 {[%clk 1:31:23]} d6
{[%clk 1:31:22]} 3. Bb5+ {[%clk 1:31:30]} Bd7 {[%clk 1:31:30]} 4. Bxd7+
{[%clk 1:31:55]} Qxd7 {[%clk 1:31:53]} 5. c4 {[%clk 1:31:44]} Nf6
{[%clk 1:31:18]} 6. Nc3 {[%clk 1:32:09]} g6 {[%clk 1:31:41]} 7. O-O
{[%clk 1:32:33]} Bg7 {[%clk 1:32:02]} 8. d4 {[%clk 1:32:46]} cxd4
{[%clk 1:32:27]} 9. Nxd4 {[%clk 1:33:12]} O-O {[%clk 1:32:51]} 10. h3
{[%clk 1:32:59]} Rc8 {[%clk 1:25:47]} 11. b3 {[%clk 1:30:01]} d5 {[%clk 1:14:40]}
12. exd5 {[%clk 1:21:16]} Nxd5 {[%clk 1:14:32]} 13. Nxd5 {[%clk 1:21:37]} e6
{[%clk 1:14:57]} 14. Bh6 {[%clk 0:58:50]} exd5 {[%clk 1:06:10]} 15. Bxg7
{[%clk 0:59:08]} Kxg7 {[%clk 1:06:31]} 16. cxd5 {[%clk 0:57:11]} Qxd5
{[%clk 1:03:53]} 17. Nf3 {[%clk 0:55:46]} Qxd1 {[%clk 0:54:02]} 18. Rfxd1
{[%clk 0:56:08]} Nc6 {[%clk 0:54:20]} 19. Rd7 {[%clk 0:56:31]} Rab8
{[%clk 0:54:42]} 20. Rad1 {[%clk 0:53:42]} Re8 {[%clk 0:25:44]} 21. Nd4
{[%clk 0:46:49]} Ne5 {[%clk 0:19:47]} 22. Rc7 {[%clk 0:47:01]} Rec8
{[%clk 0:17:36]} 23. Rdc1 {[%clk 0:38:48]} Nc6 {[%clk 0:17:32]} 24. Rxc8
{[%clk 0:31:06]} Rxc8 {[%clk 0:18:01]} 25. Nxc6 {[%clk 0:31:32]} Kf6
{[%clk 0:17:04]} 26. Kf1 {[%clk 0:26:02]} bxc6 {[%clk 0:17:29]} 27. Rc5
{[%clk 0:24:21]} Ke6 {[%clk 0:17:33]} 28. Ke2 {[%clk 0:24:20]} Kd6
{[%clk 0:17:36]} 29. Ra5 {[%clk 0:24:45]} Ra8 {[%clk 0:10:25]} 30. Kf3
{[%clk 0:19:25]} f6 {[%clk 0:09:10]} 31. h4 {[%clk 0:18:35]} Kc7 {[%clk 0:09:15]}
32. h5 {[%clk 0:17:41]} Kb6 {[%clk 0:09:18]} 33. Ra4 {[%clk 0:17:08]} Rd8
{[%clk 0:09:42]} 34. Rb4+ {[%clk 0:12:28]} Ka6 {[%clk 0:07:30]} 35. Re4
{[%clk 0:11:11]} Rd5 {[%clk 0:04:04]} 36. hxg6 {[%clk 0:10:15]} hxg6
{[%clk 0:04:31]} 37. Re6 {[%clk 0:09:50]} Rf5+ {[%clk 0:04:08]} 38. Ke3
{[%clk 0:10:07]} Kb5 {[%clk 0:02:03]} 39. g4 {[%clk 0:09:06]} Re5+
{[%clk 0:01:26]} 40. Rxe5+ {[%clk 0:09:30]} fxe5 {[%clk 0:01:55]} 41. Ke4
{[%clk 0:09:46]} Kb4 {[%clk 0:19:31]} 42. Kxe5 {[%clk 0:41:02]} Ka3
{[%clk 0:18:56]} 43. f4 {[%clk 0:41:16]} Kxa2 {[%clk 0:17:58]} 44. f5
{[%clk 0:41:20]} gxf5 {[%clk 0:18:22]} 45. gxf5 {[%clk 0:39:42]} c5
{[%clk 0:17:30]} 46. f6 {[%clk 0:39:54]} Kxb3 {[%clk 0:17:03]} 47. f7
{[%clk 0:40:17]} c4 {[%clk 0:17:31]} 48. f8=Q {[%clk 0:40:38]} c3
{[%clk 0:17:59]} 49. Qb8+ {[%clk 0:40:31]} Ka2 {[%clk 0:18:12]} 50. Qc7
{[%clk 0:39:56]} Kb2 {[%clk 0:18:35]} 51. Kd4 {[%clk 0:40:05]} c2
{[%clk 0:18:59]} 52. Qc3+ {[%clk 0:40:29]} Kb1 {[%clk 0:19:24]} 53. Qb3+
{[%clk 0:40:56]} 1-0